| 000 | 00601nam a2200253Ia 4500 | ||
|---|---|---|---|
| 008 | 210210b1954 xxu||||| |||| 00| 0 eng d | ||
| 041 | _aeng | ||
| 082 | _a230/104 | ||
| 100 | _aMACPHAIL (J R) | ||
| 245 |
_aWay the truth and the life _bOutline of christian doctrine |
||
| 260 |
_aLondon _bGeoffrey Cumberlege Oxford University Press _c1954 |
||
| 300 | _avii,207 | ||
| 650 | _aWay | ||
| 650 | _atruth | ||
| 650 | _athe | ||
| 650 | _aOutline | ||
| 650 | _aof | ||
| 650 | _alife | ||
| 650 | _adoctrine | ||
| 650 | _achristian | ||
| 650 | _aand | ||
| 690 | _aReligion | ||
| 906 | _a001340 | ||
| 999 |
_c116465 _d116465 |
||